Sravniteľnyj analiz razvitija malogo i srednego predprinimateľstva Rosii i Slovakii

Komparatívna analýza rozvoja malého a stredného podnikania v Rusku a v Slovenskej republike. Význam malého a stredného podnikania pre hospodársky rast. Kritériá určenia malého a stredného podniku v Ruskej federácii a v EÚ. Odvetvová štruktúra MSP v Rusku. Účasť MSP na zahraničných trhoch.

Guardado en:
Detalles Bibliográficos
Autor principal: Jašina, Marina Nikolajevna
Otros Autores: Čihovská, Viera
Formato: Capítulo de libro
Lenguaje:ruso
Materias:
Etiquetas: Agregar Etiqueta
Sin Etiquetas, Sea el primero en etiquetar este registro!

MARC

LEADER 00000naa a2200000 4500
001 0207906
005 20240502083519.9
041 0 |a rus 
044 |a RU 
245 1 0 |a Sravniteľnyj analiz razvitija malogo i srednego predprinimateľstva Rosii i Slovakii  |c Marina Nikolajevna Jašina, Viera Čihovská 
520 |a Komparatívna analýza rozvoja malého a stredného podnikania v Rusku a v Slovenskej republike. Význam malého a stredného podnikania pre hospodársky rast. Kritériá určenia malého a stredného podniku v Ruskej federácii a v EÚ. Odvetvová štruktúra MSP v Rusku. Účasť MSP na zahraničných trhoch. 
610 2 0 |a podnik malý 
610 2 0 |a podnik stredný 
610 2 0 |a trh zahraničný 
610 2 0 |a porovnanie medzinárodné 
610 2 0 |a Slovensko 
610 2 0 |a Rusko 
100 1 |a Jašina, Marina Nikolajevna 
700 1 |a Čihovská, Viera